00275nam a2200097Ia 45000010005000000080041000050820026000461000048000722450033001202600024001532990241024s9999 xx 000 0 und d aRD/371.1/C733c/2013/1 aRepública Dominicana. Comisión Nacional 0aConcurso de oposición 2013 bSanto Domingoc2013